Ciência, ordem e criatividade (Registo nº 199978)

Detalhes MARC
000 -Etiqueta do registo
Valores 00874nam 22003133 4500
010 ## - Número ISBN
ISBN 972-662-134-8
021 ## - Número do Depósito Legal
Código do país Portugal
Número 26755/89
100 ## - Dados gerais de processamento
Dados gerais 20260116d u||y0pory50 ba
101 ## - Língua de publicação
Língua Português
102 ## - País de publicação
País Portugal
200 ## - Titulo e menção de responsabilidade
Título próprio Ciência, ordem e criatividade
Primeira menção de responsabilidade David Bohm, F. David Peat
Outras menções de responsabilidade tradução Jorge da Silva Branco
205 ## - Menção da edição
Edição
210 ## - Publicação
Local de publicação Lisboa
Nome do editor Gradiva
Data de publicação D.L 1989
215 ## - Descrição física 
Paginação / Volumes 365, [1] p.
Outras indicações físicas il. ; brochado
Dimensões 21 cm
225 ## - Colecção 
Título próprio da colecção Ciência aberta
Indicação de volume 34
606 ## - Nome comum usado como assunto
ID Autoridade 12746
Palavra de ordem Física
610 ## - Termos não controlados
Palavra de ordem Ciência
610 ## - Termos não controlados
Palavra de ordem Criatividade
675 ## - CDU
Notação 159.9
Edição PT
Língua por
675 ## - CDU
Notação 53
Edição PT
Língua por
675 ## - CDU
Notação 165
Edição PT
Língua por
700 ## - Autor principal (pessoa individual)
ID Autoridade 4744
Apelido Böhm
Nome Jorge
Datas 1938-
701 ## - Co-autor principal (pessoa individual)
ID Autoridade 15803
Apelido Peat
Nome Francis David
Datas 1938-2017
702 ## - Autor secundário (pessoa individual)
ID Autoridade 15607
Apelido Branco
Nome Jorge da Silva
801 ## - Fonte de origem
País PT
Agência BMMN
Regras de catalogação RPC
830 ## - Notas gerais do catalogador
Criado por Ana
Indexado por Ana
990 ## - Elementos KOHA
Tipo de documento Livro
Exemplares
Situação do levantamento Biblioteca de origem Código de barras Cota Permissão de empréstimo Tipo de documento Forma de aquisição
  Biblioteca Municipal de Montemor-o-Novo 29039 16 BOH|DEP   Livro Compra

Powered by Koha